Normal view MARC view

Entry Topical Term

Number of records used in: 1

001 - CONTROL NUMBER

  • control field: 217268

003 - CONTROL NUMBER IDENTIFIER

  • control field: OSt

005 - DATE AND TIME OF LATEST TRANSACTION

  • control field: 20250704134742.0

008 - FIXED-LENGTH DATA ELEMENTS

  • fixed length control field: 250704|| aca||aabn | a|a d

040 ## - CATALOGING SOURCE

  • Original cataloging agency: OSt
  • Transcribing agency: OSt

150 ## - HEADING--TOPICAL TERM

  • Topical term or geographic name entry element: Business Statistics

670 ## - SOURCE DATA FOUND

  • Source citation: Work cat.: (OSt)141645: Tulsian P C 217259, Business statistics: a self study textbook Ed 2, 2010